00717 2200181 4500001002100000005001500021035002000036245006800056100001500124250001700139300002800156260003900184082001000223084001600233020002200249650001700271520024700288INLIS00000000000032520240602082730 a0010-06240000341 aHuman Body Encyclopedia :bSistem Peredaran Darah /cTri Rahayu0 aTri Rahayu acetakan ke-1 a56 hlm :bilus ;c21 cm aBekasi :bUranus Publishing,c2011 a612.1 a612.1 TRI h a978-602-863-733-6 4aEnsiklopedia aeri Human Body Encyclopedia merupakan seri pengeta- huan yang membahas tentang fakta-fakta menakjubkan pada tubuh kita. Berisi tentang penjelasan bagian-bagian dan organ tubuhmu. Betapa tubuh kita merupakan sebuah keajaiban yang sangat besar.